000 00716nmm a2200241 a 4500
003 AR-BaBNM
005 20251128210321.0
008 229119s1967 ||||||||||||||000 | spa||
040 _cAR-BaBNM
100 1 _aGarrison, Roger H.
245 1 0 _aOrientación universitaria
_buna guía hacia el estudio productivo dedicada a los estudiantes no graduados
260 _aMéxico, D.F.
_bPax-México
_bLibrería Carlos Cesarman
_c1967
300 0 _a336 p.
650 4 _aUNIVERSIDADES
650 4 _aESTUDIANTES UNIVERSITARIOS
650 4 _aALUMNOS ADULTOS
650 4 _aINSTRUCCION
650 4 _aTIEMPO LIBRE
653 0 _aEDUCACION SUPERIOR
653 0 _aORIENTACION EDUCATIVA
942 _cBK
998 _cRaquel
999 _c14926
_d14926